Gaming Quiz

Random Gaming or Disney Quiz

Kingdom Hearts World? Quiz Stats

 Plays Quiz not verified by Sporcle

Score 0/23 Timer 04:00
0 Plays Today
% Correct
The Little Mermaid
92%
Hercules
91.2%
Peter Pan
90.6%
Alice in Wonderland
90.5%
Aladdin
89.6%
The Lion King
89.3%
Pirates of the Caribbean: The Curse of the Black Pearl
89.1%
The Nightmare Before Christmas
89.1%
Mulan
89%
Beauty and the Beast
88.7%
The Many Adventures of Winnie the Pooh
88.1%
Snow White and the Seven Dwarfs
86.7%
% Correct
Tarzan
86.3%
Sleeping Beauty
86%
Tron
85.2%
Pinocchio
85%
Cinderella
83.5%
Mickey, Donald, Goofy: The Three Musketeers
80.8%
Steamboat Willie
80.7%
The Hunchback of Notre Dame
80.7%
Tron: Legacy
79%
Fantasia
75.5%
Lilo & Stitch
73.7%

You're not logged in!

Compare scores with friends on all Sporcle quizzes.
OR
Log In

Show Comments

Extras

Top Quizzes Today


Score Distribution

Your Account Isn't Verified!

In order to create a playlist on Sporcle, you need to verify the email address you used during registration. Go to your Sporcle Settings to finish the process.

Report this User

Report this user for behavior that violates our Community Guidelines.

Details: